[Event "Balears-ch U14"]
[Site "Mallorca"]
[Date "2016.05.21"]
[Round "2.4"]
[White "Soria Leites, Ivan Ezequiel"]
[Black "Vives Morey, Pere Joan"]
[Result "1/2-1/2"]
[WhiteElo "1309"]
[BlackElo "1422"]
[PlyCount "52"]
[EventDate "2016.05.20"]
[EventType "swiss"]
[EventRounds "5"]
[EventCountry "ESP"]
[SourceTitle "EXT 2024"]
[Source "ChessBase"]
[SourceDate "2023.10.10"]
[SourceVersion "1"]
[SourceVersionDate "2023.10.10"]
[SourceQuality "1"]

1. e4 c5 2. Nf3 d6 3. d4 cxd4 4. Nxd4 g6 5. Nc3 Bg7 6. Be2 Nf6 7. f4 0-0 8. Be3 Nc6 9. 0-0 e5 10. Nb3 a6 11. a4 Nb4 12. Qd2 Re8 13. Rad1 Bg4 14. h3 Bxe2 15. Nxe2 exf4 16. Rxf4 Bh6 17. Rh4 Nxe4 18. Rxe4 Rxe4 19. Bxh6 d5 20. Qc3 f6 21. Ned4 Qb6 22. Nc5 Rc8 23. Nd7 Rxc3 24. Nxb6 Rg3 25. Rf1 f5 26. c3 Rd3 1/2-1/2

[Event "Ibiza-chT 38th"]
[Site "Ibiza"]
[Date "2016.03.13"]
[Round "1.3"]
[White "Prohens Costa, Armando"]
[Black "Soria Leites, Ivan Ezequiel"]
[Result "1-0"]
[WhiteElo "1654"]
[BlackElo "1297"]
[PlyCount "73"]
[EventDate "2016.03.13"]
[EventType "team-tourn"]
[EventRounds "5"]
[EventCountry "ESP"]
[SourceTitle "EXT 2024"]
[Source "ChessBase"]
[SourceDate "2023.10.10"]
[SourceVersion "1"]
[SourceVersionDate "2023.10.10"]
[SourceQuality "1"]
[WhiteTeam "Casino de Ibiza"]
[BlackTeam "Yebisah"]
[WhiteTeamCountry "ESP"]
[BlackTeamCountry "ESP"]

1. d4 d5 2. c4 e6 3. Nc3 Nf6 4. cxd5 exd5 5. Bg5 Be7 6. e3 Bf5 7. Qb3 Qc8 8. Bxf6 Bxf6 9. Nxd5 Bd8 10. Bc4 Qd7 11. Nf3 c6 12. Ne5 Ba5+ 13. Nc3 Qe7 14. Bxf7+ Kf8 15. Bh5 g6 16. Be2 b5 17. 0-0 Be6 18. Qc2 Bxc3 19. Qxc3 Bd5 20. Bf3 Nd7 21. Nxd7+ Qxd7 22. Bxd5 cxd5 23. Qb4+ Kg7 24. Rac1 Rhc8 25. Qd2 a6 26. Rxc8 Rxc8 27. Rc1 Rc6 28. Rc5 Qc7 29. Qc2 Rxc5 30. Qxc5 Qxc5 31. dxc5 Kf7 32. b4 Ke7 33. Kf1 Kd7 34. Ke2 Kc6 35. Kd3 a5 36. a3 axb4 37. axb4 1-0

[Event "Ibiza-ch"]
[Site "Eivissa"]
[Date "2015.11.28"]
[Round "6"]
[White "Prohens Costa, Armando"]
[Black "Soria Leites, Ivan Ezequiel"]
[Result "1-0"]
[WhiteElo "1660"]
[BlackElo "1310"]
[PlyCount "65"]
[EventDate "2015.11.07"]
[EventType "swiss"]
[EventRounds "7"]
[EventCountry "ESP"]
[SourceTitle "EXT 2019"]
[Source "ChessBase"]
[SourceDate "2018.10.10"]
[SourceVersion "1"]
[SourceVersionDate "2018.10.10"]
[SourceQuality "1"]

1. d4 d5 2. c4 e6 3. Nc3 Nf6 4. Bg5 Be7 5. cxd5 exd5 6. e3 Be6 7. Qc2 0-0 8. Nf3 h6 9. Bh4 c6 10. Bd3 Qd7 11. 0-0 Bg4 12. Ne5 Qe6 13. f4 Nbd7 14. f5 Qd6 15. Bg3 Nh5 16. Nxg4 Nxg3 17. hxg3 Qxg3 18. Qe2 h5 19. Ne5 Bd6 20. Qf3 Qh4 21. Qf4 Qxf4 22. exf4 Nxe5 23. fxe5 Be7 24. Rf3 f6 25. Re1 fxe5 26. dxe5 Bh4 27. Re2 g5 28. f6 g4 29. Rf5 d4 30. Ne4 g3 31. Rxh5 c5 32. Bc4+ Rf7 33. Rxh4 1-0

[Event "Eivissa City-chT"]
[Site "Eivissa"]
[Date "2015.03.28"]
[Round "4.4"]
[White "Ramirez Mari, Antonio"]
[Black "Soria Leites, Ivan Ezequiel"]
[Result "1/2-1/2"]
[WhiteElo "1669"]
[BlackElo "1254"]
[PlyCount "81"]
[EventDate "2015.03.07"]
[EventType "team-tourn"]
[EventRounds "5"]
[EventCountry "ESP"]
[SourceTitle "EXT 2016"]
[Source "ChessBase"]
[SourceDate "2015.10.08"]
[SourceVersion "1"]
[SourceVersionDate "2015.10.08"]
[SourceQuality "1"]
[WhiteTeam "Ibiza Casino"]
[BlackTeam "Yebisah"]
[WhiteTeamCountry "ESP"]
[BlackTeamCountry "ESP"]

1. d4 d5 2. Nf3 Nc6 3. e3 Bg4 4. Be2 Nf6 5. 0-0 e6 6. Nbd2 Bd6 7. c4 Bb4 8. cxd5 exd5 9. a3 Bxd2 10. Bxd2 Ne4 11. Rc1 0-0 12. b4 a6 13. Rc2 Rc8 14. Ne1 Bf5 15. Bd3 Qg5 16. f4 Qg6 17. Bc1 Bg4 18. Be2 h5 19. Bf3 Ne7 20. Nd3 f6 21. Bxg4 hxg4 22. Nc5 Kf7 23. Nxe4 Qxe4 24. f5 Nxf5 25. Rf4 Qe6 26. Qxg4 g6 27. e4 Nxd4 28. Qxe6+ Kxe6 29. exd5+ Ke5 30. Ra2 Rfe8 31. Rff2 Kxd5 32. Kf1 Re4 33. Bb2 Rce8 34. g3 Re1+ 35. Kg2 R8e2 36. Bxd4 Rxa2 37. Rxa2 Kxd4 38. Rd2+ Kc3 39. Rd7 Re2+ 40. Kh3 Ra2 41. Rxc7+ 1/2-1/2

[Event "Eivissa City-chT"]
[Site "Eivissa"]
[Date "2015.03.21"]
[Round "3.5"]
[White "Cabrera Cabrera, Nelson"]
[Black "Soria Leites, Ivan Ezequiel"]
[Result "1/2-1/2"]
[WhiteElo "1560"]
[BlackElo "1254"]
[PlyCount "61"]
[EventDate "2015.03.07"]
[EventType "team-tourn"]
[EventRounds "5"]
[EventCountry "ESP"]
[SourceTitle "EXT 2016"]
[Source "ChessBase"]
[SourceDate "2015.10.08"]
[SourceVersion "1"]
[SourceVersionDate "2015.10.08"]
[SourceQuality "1"]
[WhiteTeam "Santa Eulalia"]
[BlackTeam "Yebisah"]
[WhiteTeamCountry "ESP"]
[BlackTeamCountry "ESP"]

1. b3 e5 2. Bb2 Nc6 3. e3 d5 4. Nf3 Bg4 5. Be2 Bd6 6. 0-0 Nf6 7. d3 0-0 8. Nbd2 Qd7 9. Rc1 e4 10. dxe4 Nxe4 11. Nxe4 dxe4 12. Ng5 Bxe2 13. Qxe2 Qf5 14. Nh3 Ne5 15. Bxe5 Qxe5 16. g3 Qf5 17. Nf4 Rad8 18. Ng2 Qa5 19. c4 Ba3 20. Rc2 c6 21. f4 Bb4 22. f5 Rd2 23. Rxd2 Bxd2 24. Rd1 Rd8 25. a3 Qc3 26. Ne1 Qb2 27. Kf1 h6 28. Ng2 Qc3 29. h3 Rd3 30. Kf2 Kf8 31. Rf1 1/2-1/2

[Event "Ibiza Summer op 3rd"]
[Site "Ibiza"]
[Date "2014.06.27"]
[Round "1"]
[White "Soria Leites, Ivan Ezequiel"]
[Black "Planells Roig, Jose"]
[Result "0-1"]
[WhiteElo "1289"]
[BlackElo "2086"]
[PlyCount "46"]
[EventDate "2014.06.27"]
[EventType "swiss"]
[EventRounds "7"]
[EventCountry "ESP"]
[SourceTitle "CBM 161 Extra"]
[Source "ChessBase"]
[SourceDate "2014.08.29"]
[SourceVersion "1"]
[SourceVersionDate "2014.08.29"]
[SourceQuality "1"]

1. e4 c5 2. Nf3 d6 3. d4 cxd4 4. Nxd4 Nf6 5. Nc3 g6 6. Be2 Bg7 7. 0-0 0-0 8. Be3 Nc6 9. Qd2 Ng4 10. Bxg4 Bxg4 11. f3 Bd7 12. Rad1 Ne5 13. Qe2 Rc8 14. Rb1 Nc4 15. Rfd1 Nxe3 16. Qxe3 a6 17. a4 Bc6 18. e5 Bxe5 19. f4 Bg7 20. f5 Qb6 21. Kf1 d5 22. Qf4 e5 23. Qe3 exd4 0-1